00648nam a2200205Ia 4500008004100000020001800041050001600059100001900075245002900094245006700123245004100190260001500231260001600246260000900262300001600271300002000287300001000307999001900317952010600336170918s9999 xx 000 0 und d a9781338013252 bR763no 2014 aRomero, Jordan aNo summit out of sight : btrue story of the youngest person to climb the seven summits / cby Jordan Romero with Linda LeBlanc. aNew York : bScholastic, c2014 a355 pages : billustrations ; c21cm. c344332d344332 001040aSSISMbSSISMd2017-09-18l0oFIC R763no 2014pSSISM3404r2017-09-18 00:00:00w2017-09-18yBK